The Top 50 songs of the 1970s - Statistics

General Stats
  • This quiz has been taken 47 times
  • The average score is 18 of 50
Answer Stats
Rank Artist Answer % Correct
12 John Lennon Imagine
69%
27 ABBA Dancing Queen
67%
1 Sex Pistols God Save The Queen
64%
3 The Clash London Calling
64%
20 Led Zeppelin Stairway To Heaven
62%
8 Bruce Springsteen Born To Run
60%
4 David Bowie Heroes
60%
38 Sex Pistols Anarchy In The UK
57%
32 Black Sabbath Paranoid
57%
47 Fleetwood Mac Dreams
55%
7 Blondie Heart Of Glass
55%
43 Dolly Parton Jolene
50%
29 The B52's Rock Lobster
50%
44 Deep Purple Smoke On The Water
50%
34 Rod Stewart Maggie May
48%
40 The Knack My Sharona
48%
15 Stevie Wonder Superstition
48%
10 Wings Band On The Run
43%
24 AC/DC Highway To Hell
43%
33 Marvin Gaye What's Going On
43%
11 Talking Heads Psycho Killer
40%
26 Lou Reed Walk On The Wild Side
40%
5 The Ramones Blitzkrieg Bop
38%
17 The Rolling Stones Brown Sugar
36%
39 Bee Gees Stayin' Alive
36%
21 Marvin Gaye Let's Get It On
33%
35 Gladys Knight And The Pips Midnight Train To Georgia
33%
14 Pink Floyd Comfortably Numb
31%
30 Al Green Let's Stay Together
31%
42 T. Rex Get It On
29%
6 Donna Summer I Feel Love
29%
23 Tubeway Army Are 'Friends' Electric ?
26%
31 Television Marquee Moon
24%
25 David Bowie Life On Mars?
21%
22 Sugarhill Gang Rapper's Delight
21%
16 Bruce Springsteen Thunder Road
21%
45 Blondie Hanging On The Telephone
19%
13 The Undertones Teenage Kicks
19%
28 Kraftwerk The Model
19%
41 The Rolling Stones Tumbling Dice
19%
9 Michael Jackson Don't Stop 'Til You Get Enough
14%
36 Sly and the Family Stone Family Affair
14%
48 Bob Dylan Tangled Up In Blue
14%
19 Joy Division Transmission
14%
18 Ian Dury Sex & Drugs & Rock & Roll
12%
37 Iggy And The Stooges Search And Destroy
7%
49 The Clash Train In Vain
7%
46 Gang Of Four Damaged Goods
5%
2 Fleetwood Mac Go Your Own Way
5%
50 The Cramps Human Fly
2%
No matching quizzes found
Score Distribution
Percent of People with Each Score
Percentile by Number Answered
Your Score History
You have not taken this quiz